000 00835nam a2200181 i 4500
001 157080
003 ES-MaACL
005 20250824074922.0
008 980316s1861 sp |||| | spa d
100 1 _aLarra y Wetoret, Luis Mariano de,
_d1830-1901
_970289
245 1 3 _aLa agonía
_b: juguete dramático en un acto y en verso /
_coriginal de Luis Mariano de Larra.
260 _aMadrid :
_b[s.n.],
_c1861 (
_fImp. de José Rodríguez)
300 _a31 p. ;
_c20 cm.
490 1 _aEl teatro : colección de obras dramáticas y líricas
830 0 3 _aEl teatro: colección de obras dramática y líricas
_9221753
852 _aES-MaACL
_jF-8612(3)
_z- Enc. pasta española
_q- Falto de cub. original
_z- Enc. en un vol. facticio formando parte de la col. facticia "Teatro español moderno", v. 67
999 _c157080
_d157080